000 00505nam a2200181Ia 4500
008 100917s9999 xx 000 0 und d
082 _b30930
100 _aबोरकर लक्ष्मीदास
245 _aभावधारा
260 _bरंजना प्रकाशन
_c1976
300 _a212
365 _b15
520 _aकादंबरी
630 _aभावधारा
650 _aकादंबरी
730 _aभावधारा
942 _cBOOK
999 _c636324
_d636321